Bahoruco en el siglo XXI y otros escritos (Record no. 7914)

MARC details
000 -LEADER
campo de control de longitud fija 00377nam a2200145Ia 4500
001 - NÚMERO DE CONTROL
campo de control 2966
008 - DATOS DE LONGITUD FIJA--INFORMACIÓN GENERAL
campo de control de longitud fija 241024s9999 xx 000 0 und d
020 ## - NÚMERO INTERNACIONAL ESTÁNDAR DEL LIBRO
Número Internacional Estándar del Libro 978-9945-16-288-2
082 ## - NÚMERO DE LA CLASIFICACIÓN DECIMAL DEWEY
Número de clasificación RD/860.0905/SO684b
100 ## - ENTRADA PRINCIPAL--NOMBRE DE PERSONA
Nombre de persona Juan Solano Pérez
245 #0 - MENCIÓN DEL TÍTULO
Título Bahoruco en el siglo XXI y otros escritos
260 ## - PUBLICACIÓN, DISTRIBUCIÓN, ETC.
Nombre del editor, distribuidor, etc. Ed. Búho
Fecha de publicación, distribución, etc. 2009
901 ## - ELEMENTOS DE DATOS A LOCAL LDA (RLIN)
a 5/7/2013 10:10:33 a.m.

No items available.

© 2024. Todos los Derechos Reservados. Desarrollado por IDEICE